000
00202nam a22000857a 4500
008
170131b xxu||||| |||| 00| 0 eng d
100
_9
2715
_a
Tayal.B.B.
245
_a
Social Science
260
_a
New Delhi
_c
2016
999
_c
5879
_d
5879